000 01139cam a22002174a 4500
005 20250605164205.0
008 250528s ||||||||||||||||||||||||d
035 _a19915
020 _a9608105862
040 _aGR-AtMCL
_bgre
_dGR-AtMCL
_eAACR2
245 1 _aΠροηγμένα Πληροφοριακά Συστήματα: Aπό τη θεωρία στην Πράξη
250 _a3rd
260 _bHodder & Stoughton,
_c2006
300 _a464
520 _aΤο παρόν βιβλίο απευθύνεται σε επαγγελματίες και φοιτητές - απόφοιτους τμημάτων πληροφορικής. Βασικές Έννοιες Πληροφοριακών Συστημάτων, Ανάπτυξη Πληροφοριακών Συστημάτων, Κύκλος Ανάπτυξης και Ζωής Πληροφοριακών Συστημάτων, Θέματα Οργάνωσης και Επιχειρηματικού Σχεδιασμου, Θέματα Μοντελοποίησης.
700 1 _aAvison David
_91496
700 1 _aFitzerald Guy
_96073
942 _cBK
999 _c5157
_d5157